000 00648cam a22002291a 4500
001 7970867
005 20180222041949.0
008 711123s1962 maua b 001 0 eng
010 _a 62017021
035 _a(OCoLC)174458
040 _aDLC
_cODaWU
_dOCoLC
_dMoSU-L
_dDLC
041 _aeng
043 _an-us---
080 _a331.255 KEN
082 _a331.255 KEN
100 1 _a54
101 _aMEN
245 1 0 _aAutomation funds and displaced workers /
_cThomas Kennedy ; with the research assistance of Frank D. Plaut.
504 _aBibliography: p. 356-362.
906 _a7
_bcbc
_coclcrpl
_du
_encip
_f19
_gy-gencatlg
942 _2ddc
_cBK
999 _c43142
_d43142